Direito Penal Interpretado pelo STF e STJ e Comentado pela Doutrina (Registro nro. 165707)

Detalles MARC
000 -LEADER
fixed length control field 01110nam a22002537a 4500
007 - PHYSICAL DESCRIPTION FIXED FIELD--GENERAL INFORMATION
fixed length control field cr|||| ||||
008 - FIXED-LENGTH DATA ELEMENTS--GENERAL INFORMATION
fixed length control field 180313s2016 br |||||s|||| 00||0 por d
020 ## - INTERNATIONAL STANDARD BOOK NUMBER
International Standard Book Number 978-85-7789-247-1
035 ## -
-- 21039
040 ## - CATALOGING SOURCE
Original cataloging agency vLex
090 ## -
-- 7469
-- 7469
100 1# - MAIN ENTRY--PERSONAL NAME
Personal name Dirceu Barros, Francisco
245 10 - TITLE STATEMENT
Title Direito Penal Interpretado pelo STF e STJ e Comentado pela Doutrina
Medium [Recurso electrónico] /
Statement of responsibility, etc Francisco Dirceu Barros, Antônio Fernando Cintra
256 ## -
-- Servicio en línea
260 ## - PUBLICATION, DISTRIBUTION, ETC. (IMPRINT)
Place of publication, distribution, etc San Pablo:
Name of publisher, distributor, etc JH Mizuno,
Date of publication, distribution, etc 2016
300 ## - PHYSICAL DESCRIPTION
Extent 1 recurso electrónico
506 1# - RESTRICTIONS ON ACCESS NOTE
Terms governing access Disponible solo en los productos indicados
Authorized users vLex Global
-- vLex Global (Academic Edition, excluding Law Schools)
-- vLex Global (U.S. Academic Edition, Law Schools)
-- vLex Global (U.S. Academic Edition, excluding Law Schools)
-- vLex Global (Academic Edition, Law Schools)
650 04 - SUBJECT ADDED ENTRY--TOPICAL TERM
Topical term or geographic name as entry element Derecho Penal
Geographic subdivision Brasil
700 1# - ADDED ENTRY--PERSONAL NAME
Personal name Cintra, Antônio Fernando
740 0# -
-- vLex Libros (Servicio en línea)
856 40 - LOCALIZACIÓN Y ACCESO ELECTRÓNICO
Identificador Uniforme del Recurso (URI/URL) https://app.vlex.com/#/sources/direito-penal-interpretado-stf-stj-21039
942 ## -
-- RAA
999 ## -
-- 165707
-- 165707

No hay ítems disponibles.


CONTACTO


NOSOTROS


SITIOS DE INTERES

coordinacion.biblioteca.biblioteca@unienlinea.mx Misión, Visión y Objetivos Bases de datos
Directorio Bibliotecas Digitales y Repositorios
Normatividad Revistas y artículos
Convenios interbibliotecarios
Boletines



Hecho en México. Universidad Insurgentes (UIN). Todos los derechos reservados 2024. Esta página y sus contenidos pueden ser reproducidos con fines no lucrativos, siempre y cuando no se mutile, se cite la fuente completa y su dirección electrónicas. De otra forma requiere permiso previo por escrito de la institución




2024 Copyright Universidad Insurgentes | www.bibliouin.com.mx